<?xml version="1.0" encoding="UTF-8"?>
<record
    xmlns:xsi="http://www.w3.org/2001/XMLSchema-instance"
    xsi:schemaLocation="http://www.loc.gov/MARC21/slim http://www.loc.gov/standards/marcxml/schema/MARC21slim.xsd"
    xmlns="http://www.loc.gov/MARC21/slim">

  <leader>01877nam a22002177a 4500</leader>
  <controlfield tag="008">251119b        |||||||| |||| 00| 0 eng d</controlfield>
  <datafield tag="020" ind1=" " ind2=" ">
    <subfield code="a">9781804945360</subfield>
  </datafield>
  <datafield tag="040" ind1=" " ind2=" ">
    <subfield code="c">TBS</subfield>
  </datafield>
  <datafield tag="041" ind1=" " ind2=" ">
    <subfield code="a">eng</subfield>
  </datafield>
  <datafield tag="050" ind1=" " ind2=" ">
    <subfield code="a">PS3611.H66 </subfield>
    <subfield code="b">R43 2024</subfield>
  </datafield>
  <datafield tag="100" ind1=" " ind2=" ">
    <subfield code="a">Khong, Rachel</subfield>
    <subfield code="d">1985-</subfield>
    <subfield code="9">26549</subfield>
    <subfield code="e">author</subfield>
  </datafield>
  <datafield tag="245" ind1=" " ind2=" ">
    <subfield code="a">Real Americans</subfield>
    <subfield code="c">/ Rachel Khong.</subfield>
  </datafield>
  <datafield tag="260" ind1=" " ind2=" ">
    <subfield code="a">London :</subfield>
    <subfield code="b">Penguin Books,</subfield>
    <subfield code="c">2025.</subfield>
  </datafield>
  <datafield tag="300" ind1=" " ind2=" ">
    <subfield code="a">395 pages ;</subfield>
    <subfield code="c">20 cm.</subfield>
  </datafield>
  <datafield tag="520" ind1=" " ind2=" ">
    <subfield code="a">New York City, 1999. Lily Chen is an unpaid intern, pursuing the American Dream, when she falls for a young financier &#x2013; and the life of luxury his vast fortune promises. Everything she wants seems to finally be within reach. But deep down, she knows that her ambitious scientist mother, Mei, imagined so much more for her when she fled the unspoken horrors of Mao&#x2019;s cultural revolution.

Twenty years later, Lily is a single parent, estranged from her own family and increasingly isolated from her teenage son, Nick. Desperate to break free from their life on a remote island in Washington State, Nick strives to live better than the generation before him, unable to understand his mother&#x2019;s choices. But when he looks into the past and is unexpectedly confronted by the ghosts of his grandmother&#x2019;s young life in 1960s China, he risks unsettling a legacy of family secrets &#x2013; passed on from mother, to daughter, to son.

Following three generations of one Chinese American family, REAL AMERICANS is a mesmerising, multilayered family drama which explores the choices we make for ourselves, and for our children. Spanning decades and continents, it is a soaring, heartfelt story about fate, fortune, and what it means to belong.</subfield>
  </datafield>
  <datafield tag="650" ind1=" " ind2="0">
    <subfield code="a">Families </subfield>
    <subfield code="v">Fiction</subfield>
    <subfield code="9">22172</subfield>
  </datafield>
  <datafield tag="650" ind1=" " ind2="0">
    <subfield code="a">National characteristics, American</subfield>
    <subfield code="v">Fiction</subfield>
    <subfield code="9">26550</subfield>
  </datafield>
  <datafield tag="650" ind1=" " ind2="0">
    <subfield code="a">Single mothers</subfield>
    <subfield code="v">Fiction</subfield>
    <subfield code="9">25097</subfield>
  </datafield>
  <datafield tag="650" ind1=" " ind2="0">
    <subfield code="a">Social classes</subfield>
    <subfield code="v">Fiction</subfield>
    <subfield code="9">24096</subfield>
  </datafield>
  <datafield tag="942" ind1=" " ind2=" ">
    <subfield code="2">lcc</subfield>
  </datafield>
  <datafield tag="952" ind1=" " ind2=" ">
    <subfield code="0">0</subfield>
    <subfield code="1">0</subfield>
    <subfield code="2">lcc</subfield>
    <subfield code="4">0</subfield>
    <subfield code="7">0</subfield>
    <subfield code="a">TBS</subfield>
    <subfield code="b">TBS</subfield>
    <subfield code="d">2025-11-19</subfield>
    <subfield code="l">0</subfield>
    <subfield code="o">P-EN KHO</subfield>
    <subfield code="p">B05623</subfield>
    <subfield code="r">2025-11-19</subfield>
    <subfield code="t">1</subfield>
    <subfield code="w">2025-11-19</subfield>
    <subfield code="y">1</subfield>
  </datafield>
  <datafield tag="999" ind1=" " ind2=" ">
    <subfield code="c">5190</subfield>
    <subfield code="d">5190</subfield>
  </datafield>
</record>
